000 00418nam a2200157Ia 4500
008 210716s1994 xx 000 0 und d
020 _a817029262X
041 _aeng
082 _a004.02 GOYD
100 _aGoyal, Dinesh Kumar; Goyal, Sanjay.
245 _aQuestions and answers on computers.
250 _a1
260 _aNew Delhi
_bBPB Publications
_c1994
300 _avi,426
650 _aComputer Fundamentals
999 _c182797
_d182797